000 00609nam a2200241Ia 4500
003 OSt
005 20220918195250.0
006 a|||||r|||| 00| 0
007 ta
008 220917b |||||||| |||| 00| 0 eng d
024 _a84,408
037 _cTextual
040 _aARTS
_cARTS
_beng
041 _2eng
_aeng
082 _aS8, L21
100 _aAronson Elliot ed
245 0 _aReadings about the social animal
260 _c1972
490 _aSeries of books on psyucholohy
650 _aSOCIAL PSYCHOLOGY
942 _hS8, L21
_cTEXL
_2CC
999 _c208122
_d208122